书目信息 |
| 题名: |
轻松日语写作通
|
|
| 作者: | 胡小春 , 肖辉 , 李燕 编著 | |
| 分册: | ||
| 出版信息: | 大连 大连出版社 2006.06 |
|
| 页数: | 369页 | |
| 开本: | 20cm | |
| 丛书名: | ||
| 单 册: | ||
| 中图分类: | H365 | |
| 科图分类: | ||
| 主题词: | 日语--ri yu--写作 | |
| 电子资源: | ||
| ISBN: | 7-80684-390-6 | |
| 000 | 00788nam0 2200241 450 | |
| 001 | 012006909282 | |
| 005 | 20061219095455.75 | |
| 010 | @a7-80684-390-6@dCNY17.00 | |
| 100 | @a20061127d2006 km y0chiy0120 ea | |
| 101 | 0 | @achi@ajpn |
| 102 | @aCN@b210000 | |
| 105 | @ay z 000yy | |
| 200 | 1 | @a轻松日语写作通@Aqing song ri yu xie zuo tong@f李燕, 胡小春, 肖辉编著@Fli yan,hu xiao chun,xiao hui bian zhu |
| 210 | @a大连@c大连出版社@d2006.06 | |
| 215 | @a369页@d20cm | |
| 330 | @a本书为提高读者的日语写作能力而编写。全书分为三部分,基础知识篇;日语书信篇;十句例文篇。 | |
| 606 | 0 | @a日语@Ari yu@x写作 |
| 690 | @aH365@v4 | |
| 701 | 0 | @a胡小春@Ahu xiao chun@4编著 |
| 701 | 0 | @a肖辉@Axiao hui@4编著 |
| 701 | 0 | @a李燕@Ali yan@4编著 |
| 801 | 0 | @aCN@c20061219 |
| 905 | @a10447@dH365@eL325 | |
| 轻松日语写作通/李燕, 胡小春, 肖辉编著.-大连:大连出版社,2006.06 |
| 369页;20cm |
| ISBN 7-80684-390-6:CNY17.00 |
| 本书为提高读者的日语写作能力而编写。全书分为三部分,基础知识篇;日语书信篇;十句例文篇。 |
| ● |
| 相关链接 |
|
|
|
正题名:轻松日语写作通
索取号:H365/L325
 
预约/预借
| 序号 | 登录号 | 条形码 | 馆藏地/架位号 | 状态 | 备注 |
| 1 | 229203 | 202292036 | 语言库209/209语言库 129排2列6层/ [索取号:H365/L325] | 在馆 | |
| 2 | 229204 | 202292045 | 语言库209/ [索取号:H365/L325] | 在馆 | |
| 3 | 229205 | 202292054 | 语言库209/209语言库 129排2列6层/ [索取号:H365/L325] | 在馆 |